000 00665cam a2200205 a 4500
020 _a9780199219858
082 0 0 _a512.7
_bHAR
_cL-2,P-60.
100 1 _aHardy, G. H.
_939147
245 1 3 _aAn introduction to the theory of numbers /
_cby G.H. Hardy and E.M. Wright.
250 _a3rd ed. /
260 _aOxford ;
_aNew York :
_bOxford University Press ;
_c2008.
300 _axxi, 418 p. :
_bill. ;
_c24 cm.
526 _a0
_b0
_c0
_d512_700000000000000_HAR
650 0 _aMCE
_9379
650 0 _aNumber theory.
_93455
700 1 _aHeath-Brown, D. R.
_939148
700 1 _aSilverman, Joseph H.,
_939149
700 1 _aWright, Edward Maitland,
_939150
942 _2ddc
_cBK
999 _c543684
_d543684